Public relations / (Record no. 602)
[ view plain ]
| 000 -LEADER | |
|---|---|
| fixed length control field | 00648nam a22002172 4500 |
| 001 - CONTROL NUMBER | |
| control field | 0000005976 |
| 005 - DATE AND TIME OF LATEST TRANSACTION | |
| control field | 20151021151107.0 |
| 008 - FIXED-LENGTH DATA ELEMENTS--GENERAL INFORMATION | |
| fixed length control field | 070905s xx 000 0 eng d |
| 020 ## - INTERNATIONAL STANDARD BOOK NUMBER | |
| International Standard Book Number | 0273634321 : |
| Terms of availability | KES 1,220 |
| 040 ## - CATALOGING SOURCE | |
| Original cataloging agency | KABU |
| Transcribing agency | KABU |
| 100 1# - MAIN ENTRY--PERSONAL NAME | |
| Personal name | Jefkins, Frank. |
| -- | 0000157305 |
| 245 10 - TITLE STATEMENT | |
| Title | Public relations / |
| Statement of responsibility, etc. | Frank Jefkins, Daniel Yadin. |
| 250 ## - EDITION STATEMENT | |
| Edition statement | 5th ed. |
| 260 ## - PUBLICATION, DISTRIBUTION, ETC. (IMPRINT) | |
| Place of publication, distribution, etc. | Harlow : |
| Name of publisher, distributor, etc. | Financial Times/Prentice Hall, |
| Date of publication, distribution, etc. | 1998. |
| 300 ## - PHYSICAL DESCRIPTION | |
| Extent | ix, 293 p. |
| 650 #0 - SUBJECT ADDED ENTRY--TOPICAL TERM | |
| Topical term or geographic name as entry element | Public relations. |
| -- | 0000047274 |
| 700 1# - ADDED ENTRY--PERSONAL NAME | |
| Personal name | Yadin, Daniel. |
| -- | 0000157306 |
| 908 ## - PUT COMMAND PARAMETER (RLIN) | |
| Put command parameter | 070905 |
| 950 ## - LOCAL HOLDINGS (RLIN) | |
| -- | 1 |
| Withdrawn status | Lost status | Source of classification or shelving scheme | Not for loan | Home library | Current library | Date acquired | Total Checkouts | Total Renewals | Full call number | Barcode | Date last seen | Date last checked out | Price effective from | Koha item type | Checked out | Cost, normal purchase price |
|---|---|---|---|---|---|---|---|---|---|---|---|---|---|---|---|---|
| Library of Congress Classification | Kabarak, Main Campus | Kabarak, Main Campus | 21/10/2015 | 24 | 3 | HD59 .J46 1998 c. 3 | 20802 | 09/12/2024 | 15/11/2024 | 21/10/2015 | General Collection | |||||
| Library of Congress Classification | Kabarak, Main Campus | Kabarak, Main Campus | 17/12/2015 | 20 | 3 | HD59 .J46 1998 c. 3 | 16884 | 15/11/2024 | 15/11/2024 | 17/12/2015 | General Collection | 02/12/2024 | ||||
| Library of Congress Classification | Kabarak, Main Campus | Kabarak, Main Campus | 17/12/2015 | 13 | 1 | HD59 .J46 1998 c. 1 | 010601 | 02/08/2024 | 03/07/2023 | 17/12/2015 | General Collection | |||||
| Library of Congress Classification | Kabarak, Main Campus | Kabarak, Main Campus | 17/12/2015 | 10 | HD59 .J46 1998 c. 2 | 004333 | 02/08/2024 | 25/11/2022 | 17/12/2015 | General Collection | ||||||
| Library of Congress Classification | Kabarak, Main Campus | Kabarak, Main Campus | 17/12/2015 | 16 | 1 | HD59 .J46 1998 c. 4 | 004335 | 02/08/2024 | 31/07/2023 | 17/12/2015 | General Collection | |||||
| Library of Congress Classification | Kabarak, Main Campus | Kabarak, Main Campus | 17/12/2015 | 17 | HD59 .J46 1998 c. 5 | 18219 | 04/12/2024 | 18/11/2024 | 17/12/2015 | General Collection | ||||||
| Library of Congress Classification | Kabarak, Main Campus | Kabarak, Main Campus | 21/10/2015 | 22 | 2 | HD59 .J46 1998 c. 7 | 029397 | 05/12/2024 | 25/11/2024 | 21/10/2015 | General Collection | 3404.00 | ||||
| Library of Congress Classification | Kabarak, Main Campus | Kabarak, Main Campus | 21/10/2015 | 13 | HD59 .J46 1998 c. 8 | 032728 | 21/11/2024 | 11/11/2024 | 21/10/2015 | General Collection | 3404.00 | |||||
| Library of Congress Classification | Kabarak, Nakuru City Campus | Kabarak, Nakuru City Campus | 21/10/2015 | 2 | 1 | HD59 .J46 1998 c. 1 | 005787 | 27/05/2016 | 25/05/2016 | 21/10/2015 | General Collection | |||||
| Library of Congress Classification | Kabarak, Nakuru City Campus | Kabarak, Nakuru City Campus | 21/10/2015 | 1 | HD59 .J46 1998 c. 1 | 20048 | 23/07/2019 | 23/07/2019 | 21/10/2015 | General Collection | ||||||
| Library of Congress Classification | Kabarak, Nakuru City Campus | Kabarak, Nakuru City Campus | 21/10/2015 | HD59 .J46 1998 c. 2 | 20049 | 21/10/2015 | 21/10/2015 | General Collection |